Ako korupčné tendencie ovplyvňujú záujem o prácu pre štát? diplomová práca

Gespeichert in:
Bibliographische Detailangaben
1. Verfasser: Beňová, Beáta
Körperschaft: Národohospodárska fakulta EU. Katedra hospodárskej politiky
Weitere Verfasser: Kališ, Richard, 1991-
Format: Buch
Sprache:Slowakisch
Veröffentlicht: Bratislava 2025
Tags: Tag hinzufügen
Keine Tags, Fügen Sie das erste Tag hinzu!

MARC

LEADER 00000nbm a2200000 4500
001 0309481
005 20251027085559.1
041 0 |a slo 
044 |a SK 
245 1 0 |a Ako korupčné tendencie ovplyvňujú záujem o prácu pre štát?  |b diplomová práca  |c Beáta Beňová ; školiteľ: Richard Kališ 
264 1 |a Bratislava  |c 2025 
300 |a 53 s. 
100 1 |a Beňová, Beáta 
700 1 |a Kališ, Richard, 1991- 
710 2 |a Národohospodárska fakulta EU. Katedra hospodárskej politiky